Líneas de transporte de energía

Guardat en:
Dades bibliogràfiques
Autor principal: Checa, Luis María (Autor)
Format: Llibre
Idioma:espanyol
Publicat: Ciudad de México Alfaomega 2000
Matèries:
Etiquetes: Afegir etiqueta
Sense etiquetes, Sigues el primer a etiquetar aquest registre!

MARC

LEADER 00000nam a2200000 a 4500
001 UCL3222
003 CL-VaPUC
008 031114e20000000MX |||||||||||||||||spa|d
020 |a 958682182X 
082 0 4 |a 621.319  |b CHE  |2 21 
100 0 |a Checa, Luis María  |e author  |9 480498 
245 1 0 |a Líneas de transporte de energía 
300 |a 596 p 
942 |c BK 
945 |d 20031114 00:00:00  |a cmena 
260 |a Ciudad de México  |b Alfaomega  |c 2000 
650 0 |a Energía eléctrica  |9 256678 
650 0 |a Distribución de energía eléctrica   |9 260221 
650 0 |a Conductores eléctricos  |9 263132 
583 |a last modification  |c 20031114 00:00:00  |k Rodrigo Vera 
999 |c 306338  |d 306336 
952 |0 0  |1 0  |2 ddc  |4 0  |6 621_319000000000000_CHE_2000  |7 0  |8 A  |9 371285  |a BIBING  |b BIBING  |c RES  |d 2019-11-21  |i 3965880  |l 9  |m 4  |o 621.319 CHE 2000  |p 3965880  |q 2025-05-16  |r 2025-05-09  |s 2025-05-09  |w 2019-11-21  |y BK  |k EIE 
952 |0 0  |1 0  |2 ddc  |4 0  |6 621_319000000000000_CHE_2000  |7 0  |8 A  |9 371286  |a BIBING  |b BIBING  |c RES  |d 2019-11-21  |i 4281608  |l 8  |m 5  |o 621.319 CHE 2000  |p 4281608  |r 2025-04-30  |s 2025-04-15  |w 2019-11-21  |y BK  |k EIE